Normal view
MARC view
- Dhami, H S
Entry Personal Name
001 - CONTROL NUMBER
- control field: 419
003 - CONTROL NUMBER IDENTIFIER
- control field: OSt
005 - DATE AND TIME OF LATEST TRANSACTION
- control field: 20250806161404.0
008 - FIXED-LENGTH DATA ELEMENTS
- fixed length control field: 250806|| aca||aabn | a|a d
040 ## - CATALOGING SOURCE
- Original cataloging agency: OSt
- Transcribing agency: OSt
100 ## - HEADING--PERSONAL NAME
- Personal name: Dhami, H S
670 ## - SOURCE DATA FOUND
- Source citation: Work cat.: (OSt)750876: Dhami, H S, Integral calculus, 2025
